000 01585nab a22002537a 4500
999 _c5479
_d5479
003 OSt
005 20251123233303.0
008 190603e xxum|||| |||| 00| 0 spa d
040 _cPJ
100 _96477
_aBrun, Juan Martín
245 1 3 _aLa obligación de seguridad frente al hecho de la víctima :
_bla injerencia causal del comportamiento de los menores /
_cJuan Martín Brun.
260 _cCiudad Autónoma de Buenos Aires :
_aThomson Reuters La Ley,
_b2025.
300 _ap. 183-193
500 _aCita Online: TR LALEY AR/DOC/47/2025.
505 _a Sumario: I. Introducción.— II. El caso.— III. Relación de consumo y obligación de seguridad.— IV. Fractura del nexo causal. Eximente "causa ajena".— V. El hecho del damnificado como eximente.— VI. La incidencia del derecho del consumidor para valorar el alcance de la eximente.— VII. La condición de "menor" a los fines de determinar el porcentaje de incidencia causal de la eximente.— VIII. Corolario.
505 _tFallo comentado: CNCiv., sala C ~ 19/09/2024 ~ R., F. G. c. Sindicato de Empleados de Comercio s/ daños y perjuicios.
505 _t¿Te interesa el texto completo? Solicitalo al correo: koha@justierradelfuego.gov.ar
650 0 _92597
_aDEFENSA DEL CONSUMIDOR
650 0 _91467
_aRESPONSABILIDAD CIVIL
650 0 _92823
_aDAÑOS Y PERJUICIOS
650 0 _92741
_aDERECHOS DE LAS NIÑAS, NIÑOS Y ADOLESCENTES
773 0 _02713
_93170
_dCiudad Autónoma de Buenos Aires : Thomson Reuters La Ley, 2015-
_tRevista Código Civil y Comercial. Nº 2 - Abril 2025
942 _2udc
_cANA